| 000 | 00608nam a2200181Ia 4500 | ||
|---|---|---|---|
| 008 | 090630s9999 xx 000 0 und d | ||
| 082 | _b9812 | ||
| 100 | _aमुसळे गोविंद. | ||
| 245 |
_aप्रश्नांकित. _cमुसळे गोविंद. |
||
| 260 |
_bश्रीविशाखा. _c1983 |
||
| 300 | _a152 | ||
| 600 | _aमुसळे गोविंद. | ||
| 630 | _aप्रश्नांकित. | ||
| 655 | _aलघुकथा. | ||
| 700 | _aमुसळे गोविंद. | ||
| 730 | _aप्रश्नांकित. | ||
| 942 | _cBOOK | ||
| 999 |
_c261668 _d261668 |
||